| 000 | 00777nam a22002297a 4500 | ||
|---|---|---|---|
| 003 | OSt | ||
| 005 | 20160728152814.0 | ||
| 008 | 160728s2014 spc|||| |||| 001 0dspa|d | ||
| 017 | _aDL B 23567-2014 | ||
| 020 | _a9788423348749 | ||
| 040 |
_bcat _cCDMR |
||
| 100 | 1 |
_aPla, Josep _d1897-1981 _9827 |
|
| 245 | 1 | 3 |
_aLa vida lenta _b: notes per tres diaris (1956, 1957 y 1964) _cJosep Pla ; edició i pròleg de Xavier Pla |
| 260 |
_aBarcelona : _bDestino, _c2014 |
||
| 300 |
_a379 p. ; _c23 cm |
||
| 500 | _aNotes. Índex | ||
| 600 | 1 | 4 |
_aPla, Josep _d1897-1981 _xDiaris íntims _9827 |
| 650 | 1 | 7 |
_aEscriptors catalans _yS. XX _xDiaris íntims _2lemac _93291 |
| 650 | 1 | 7 |
_aPeriodistes catalans _yS. XX _xDiaris íntims _2lemac _94 |
| 700 | 1 |
_aPla, Xavier _d1966- _eed. _93655 |
|
| 942 | _cMON | ||
| 999 |
_c6957 _d6957 |
||